Vascular structure and microcirculation of experimental pancreatic carcinoma in rats
Saved in:
| Main Authors: | , , , , , , , |
|---|---|
| Format: | Article (Journal) |
| Language: | English |
| Published: |
2000
|
| In: |
The European journal of surgery
Year: 2000, Volume: 166, Issue: 4, Pages: 328-335 |
| ISSN: | 1741-9271 |
| Online Access: | Verlag, Volltext: http://onlinelibrary.wiley.com/doi/10.1080/110241500750009195/pdf |
| Author Notes: | Jan Schmidt, Eduard Ryschich, Volker Daniel, Lueder Herzog, Jens Werner, Christian Herfarth, Daniel S. Longnecker, Martha M. Gebhard and Ernst Klar |
MARC
| LEADER | 00000caa a22000002c 4500 | ||
|---|---|---|---|
| 001 | 1522469737 | ||
| 003 | DE-627 | ||
| 005 | 20220812113423.0 | ||
| 007 | cr uuu---uuuuu | ||
| 008 | 151127s2000 xx |||||o 00| ||eng c | ||
| 035 | |a (DE-627)1522469737 | ||
| 035 | |a (DE-576)452469732 | ||
| 035 | |a (DE-599)BSZ452469732 | ||
| 035 | |a (OCoLC)1340792503 | ||
| 040 | |a DE-627 |b ger |c DE-627 |e rda | ||
| 041 | |a eng | ||
| 084 | |a 33 |2 sdnb | ||
| 100 | 1 | |a Schmidt, Jan |d 1961- |e VerfasserIn |0 (DE-588)1022937995 |0 (DE-627)717335852 |0 (DE-576)366198017 |4 aut | |
| 245 | 1 | 0 | |a Vascular structure and microcirculation of experimental pancreatic carcinoma in rats |c Jan Schmidt, Eduard Ryschich, Volker Daniel, Lueder Herzog, Jens Werner, Christian Herfarth, Daniel S. Longnecker, Martha M. Gebhard and Ernst Klar |
| 264 | 1 | |c 2000 | |
| 300 | |a 8 | ||
| 336 | |a Text |b txt |2 rdacontent | ||
| 337 | |a Computermedien |b c |2 rdamedia | ||
| 338 | |a Online-Ressource |b cr |2 rdacarrier | ||
| 500 | |a Gesehen am 27.11.2015 | ||
| 700 | 1 | |a Ryschich, Eduard |d 1967- |e VerfasserIn |0 (DE-588)120246546 |0 (DE-627)696498340 |0 (DE-576)292118090 |4 aut | |
| 700 | 1 | |a Daniel, Volker |e VerfasserIn |0 (DE-588)1058939513 |0 (DE-627)79784418X |0 (DE-576)166309168 |4 aut | |
| 700 | 1 | |a Herzog, Lüder |d 1965- |e VerfasserIn |0 (DE-588)124528856 |0 (DE-627)706656881 |0 (DE-576)294216200 |4 aut | |
| 700 | 1 | |a Werner, Jens |d 1966- |e VerfasserIn |0 (DE-588)120690764 |0 (DE-627)704926717 |0 (DE-576)292340249 |4 aut | |
| 700 | 1 | |a Herfarth, Christian |d 1933-2014 |e VerfasserIn |0 (DE-588)120706385 |0 (DE-627)080841562 |0 (DE-576)213333414 |4 aut | |
| 700 | 1 | |a Gebhard, Martha-Maria |d 1948- |e VerfasserIn |0 (DE-588)1076763278 |0 (DE-627)835312879 |0 (DE-576)445612789 |4 aut | |
| 700 | 1 | |a Klar, Ernst |d 1952- |e VerfasserIn |0 (DE-588)136455107 |0 (DE-627)582906431 |0 (DE-576)301029326 |4 aut | |
| 773 | 0 | 8 | |i Enthalten in |t The European journal of surgery |d London [u.a.] : Taylor & Francis, 1998 |g 166(2000), 4, Seite 328-335 |h Online-Ressource |w (DE-627)30272558X |w (DE-600)1492632-5 |w (DE-576)082435383 |x 1741-9271 |7 nnas |a Vascular structure and microcirculation of experimental pancreatic carcinoma in rats |
| 773 | 1 | 8 | |g volume:166 |g year:2000 |g number:4 |g pages:328-335 |g extent:8 |a Vascular structure and microcirculation of experimental pancreatic carcinoma in rats |
| 856 | 4 | 0 | |u http://onlinelibrary.wiley.com/doi/10.1080/110241500750009195/pdf |x Verlag |3 Volltext |
| 951 | |a AR | ||
| 992 | |a 20151127 | ||
| 993 | |a Article | ||
| 994 | |a 2014 | ||
| 998 | |g 136455107 |a Klar, Ernst |m 136455107:Klar, Ernst |d 910000 |d 910200 |e 910000PK136455107 |e 910200PK136455107 |k 0/910000/ |k 1/910000/910200/ |p 9 |y j | ||
| 998 | |g 1076763278 |a Gebhard, Martha-Maria |m 1076763278:Gebhard, Martha-Maria |d 910000 |d 910200 |e 910000PG1076763278 |e 910200PG1076763278 |k 0/910000/ |k 1/910000/910200/ |p 8 | ||
| 998 | |g 120706385 |a Herfarth, Christian |m 120706385:Herfarth, Christian |d 910000 |d 910200 |e 910000PH120706385 |e 910200PH120706385 |k 0/910000/ |k 1/910000/910200/ |p 6 | ||
| 998 | |g 120690764 |a Werner, Jens |m 120690764:Werner, Jens |d 910000 |d 910200 |e 910000PW120690764 |e 910200PW120690764 |k 0/910000/ |k 1/910000/910200/ |p 5 | ||
| 998 | |g 124528856 |a Herzog, Lüder |m 124528856:Herzog, Lüder |d 910000 |d 910200 |e 910000PH124528856 |e 910200PH124528856 |k 0/910000/ |k 1/910000/910200/ |p 4 | ||
| 998 | |g 1058939513 |a Daniel, Volker |m 1058939513:Daniel, Volker |d 910000 |d 911600 |e 910000PD1058939513 |e 911600PD1058939513 |k 0/910000/ |k 1/910000/911600/ |p 3 | ||
| 998 | |g 120246546 |a Ryschich, Eduard |m 120246546:Ryschich, Eduard |d 910000 |d 910200 |e 910000PR120246546 |e 910200PR120246546 |k 0/910000/ |k 1/910000/910200/ |p 2 | ||
| 998 | |g 1022937995 |a Schmidt, Jan |m 1022937995:Schmidt, Jan |d 910000 |d 910200 |e 910000PS1022937995 |e 910200PS1022937995 |k 0/910000/ |k 1/910000/910200/ |p 1 |x j | ||
| 999 | |a KXP-PPN1522469737 |e 2874507482 | ||
| BIB | |a Y | ||
| SER | |a journal | ||
| JSO | |a {"type":{"media":"Online-Ressource","bibl":"article-journal"},"physDesc":[{"extent":"8 S."}],"note":["Gesehen am 27.11.2015"],"relHost":[{"disp":"Vascular structure and microcirculation of experimental pancreatic carcinoma in ratsThe European journal of surgery","origin":[{"publisher":"Taylor & Francis ; Scandinavian Univ. Press","dateIssuedDisp":"1998-2002","publisherPlace":"London [u.a.] ; Oslo [u.a.]","dateIssuedKey":"1998"}],"recId":"30272558X","pubHistory":["Nachgewiesen 164.1998 - 168.2002"],"language":["eng"],"id":{"issn":["1741-9271"],"zdb":["1492632-5"],"eki":["30272558X"]},"note":["Gesehen am 14.03.19"],"part":{"pages":"328-335","extent":"8","volume":"166","text":"166(2000), 4, Seite 328-335","issue":"4","year":"2000"},"title":[{"title":"The European journal of surgery","title_sort":"European journal of surgery"}],"type":{"media":"Online-Ressource","bibl":"periodical"},"physDesc":[{"extent":"Online-Ressource"}]}],"origin":[{"dateIssuedDisp":"2000","dateIssuedKey":"2000"}],"title":[{"title_sort":"Vascular structure and microcirculation of experimental pancreatic carcinoma in rats","title":"Vascular structure and microcirculation of experimental pancreatic carcinoma in rats"}],"person":[{"role":"aut","family":"Schmidt","given":"Jan","display":"Schmidt, Jan"},{"given":"Eduard","family":"Ryschich","display":"Ryschich, Eduard","role":"aut"},{"display":"Daniel, Volker","family":"Daniel","given":"Volker","role":"aut"},{"display":"Herzog, Lüder","family":"Herzog","given":"Lüder","role":"aut"},{"role":"aut","display":"Werner, Jens","given":"Jens","family":"Werner"},{"role":"aut","display":"Herfarth, Christian","family":"Herfarth","given":"Christian"},{"given":"Martha-Maria","family":"Gebhard","display":"Gebhard, Martha-Maria","role":"aut"},{"display":"Klar, Ernst","family":"Klar","given":"Ernst","role":"aut"}],"id":{"eki":["1522469737"]},"language":["eng"],"name":{"displayForm":["Jan Schmidt, Eduard Ryschich, Volker Daniel, Lueder Herzog, Jens Werner, Christian Herfarth, Daniel S. Longnecker, Martha M. Gebhard and Ernst Klar"]},"recId":"1522469737"} | ||
| SRT | |a SCHMIDTJANVASCULARST2000 | ||